| 000 | 00000nam##2200000za#4500 |
| 001 | 9.602163 |
| 003 | CaOODSP |
| 005 | 20210624210431 |
| 007 | cr ||||||||||| |
| 008 | 150406|2000||||xxc|||||o f|0| 0 fre|d |
| 040 | |aCaOODSP|bfre |
| 043 | |an-cn--- |
| 086 | 1 |aNH18-23/57F-PDF |
| 110 | 2 |aSociété canadienne d'hypothèques et de logement. |
| 245 | 10|aÉvaluation du projet pilote de banque d'aide au loyer de la ville de Toronto |h[ressource électronique] |
| 260 | |aOttawa - Ontario : |bSociété canadienne d'hypothèques et de logement |c[2000]. |
| 300 | |a6p.|bgraphique, tableaux |
| 490 | 1 |aLe point en recherche. Série socio-économique |v57 |
| 590 | |a11-22-Supp|b2011-10-13 |
| 691 | 07|aLogement|2gcpds |
| 691 | 07|aSans-abri|2gcpds |
| 691 | 07|aFinancement|2gcpds |
| 691 | 07|aProgrammes sociaux|2gcpds |
| 775 | 08|tCity of Toronto rent bank pilot project evaluation |w(CaOODSP)9.571736 |
| 776 | 0#|tÉvaluation du projet pilote de banque d'aide au loyer de la ville de Toronto |w(CaOODSP)9.625357 |
| 830 | #0|aLe point en recherche. Série socio-économique ;|v57|w(CaOODSP)9.501568 |
| 856 | 40|ahttp://publications.gc.ca|qPDF|s131 Ko|uhttps://publications.gc.ca/collections/Collection/NH18-23-57F.pdf|y57 |